000 00710nam a2200205Ia 4500
003 GCL
008 140319s9999 xx 000 0 ara d
040 _aGCL /
_cGCL
082 0 4 _a331.344
_bس ر
100 1 _aسوزان احمد ابورية
245 1 0 _aرؤية الشباب للعمل الحر :
_bدراسة استطلاعية /
_cسوزان احمد ابورية
250 _aالاولى
260 _aالقاهرة :
_bمؤسسة الاهرام ،
_c2005
300 _a128 ص ؛
_c24 سم
490 _aكتاب الاهرام الاقتصادى
_v218
650 0 4 _aالشباب فى مصر
650 0 4 _aالشباب - تشغيل
650 0 4 _aالشباب كفنانين
942 _2ddc
_cBK
999 _c7855
_d7855